00609nam a22001817a 450000500170000001000140001702000260003102000320005703500130008903700130010208200110011510000230012624501110014926000650026027000500032530000330037565000190040820100803161516.0 aENG-97996 a9788172087159c278.00 a9788172086947 (set)c278.00 aEN-81529 bDBAD/PUB a181.45 aNilayam, Prasanthi aBhagavad Gita Part -1 :bDiscourses of bhagawan sri sathya sai baba on bhakti yoga /cby Prasanthi Nilayam aAndhra Pradesh,bSai Sathya Sadhanatrust, Publicationsc2009 aPrasanthi Nilayam, bAndhra Pradesh,e515 134 aV.1. 212p.:billc20cm (pbk) aBhagavad Gita